Co to za Flaga #4 - Statystyki

Ogólne statystyki
  • Ten quiz został rozwiązany 50 razy
  • Średni wynik to 15 z 20
Statystyki odpowiedzi
Obrazkowy Odpowiedź % Poprawnych
Islandia
98%
Katar
98%
Mołdawia
98%
Luksemburg
95%
Tajlandia
95%
Liban
93%
Litwa
93%
Andora
88%
Bangladesz
88%
Ghana
83%
Bahrajn
80%
Bhutan
78%
Kirgistan
73%
Oman
70%
Trynidad i Tobago
70%
Paragwaj
58%
Portoryko
58%
Gibraltar
48%
Mikronezja
45%
Wyspy zielonego przylądka
28%
Nie znaleziono quizów pasujących do podanych kryteriów
Rozkład punktacji
Procent ludzi z każdym wynikiem
Percentyl według liczby udzielonych odpowiedzi
Twoja historia wyników
Nie rozwiązałeś tego quizu